Personaggi di fantasia - P - - Statistics

Statistiche generali
  • Questo quiz è stato fatto 2.792 volte
  • Il punteggio medio è 13 su 20
Statistiche sulle risposte
con Immagini Risposta % Corretto
Pinocchio
100%
Peter Pan
98%
Pac-Man
96%
Paolino Paperino
96%
Pikachu
94%
Pisolo
92%
Patrick Stella
90%
Pegaso
87%
Principessa {Peach}
80%
Pumbaa
79%
Percy Jackson
67%
Pimpi
62%
Paddington
56%
Phoebe Buffay
46%
Pippo
41%
Padme Amidala
31%
Poldo
30%
Predator
30%
Philip J. Fry
26%
Phoenix
12%
Nessun quiz corrispondente trovato
Distribuzione punteggi
Percentuale di utenti per punteggio
Percentile per numero di risposta
I tuoi punteggi nel tempo
Non hai fatto questo quiz